[Event "Ruhrgebiet Verbandsklasse Gruppe 1 1819"]
[Site "Nordrheinwestfalen"]
[Date "2019.03.10"]
[Round "7.8"]
[White "Wisotzky, Klaus"]
[Black "Krahn, Reinhard"]
[Result "0-1"]
[WhiteElo "1638"]
[BlackElo "1735"]
[PlyCount "106"]
[EventDate "2018.09.23"]
[EventType "team-tourn"]
[EventRounds "9"]
[EventCountry "GER"]
[SourceTitle "EXT 2022"]
[Source "ChessBase"]
[SourceDate "2021.10.06"]
[SourceVersion "1"]
[SourceVersionDate "2021.10.06"]
[SourceQuality "1"]
[WhiteTeam "Muelheim SC"]
[BlackTeam "Werl SC 1981"]
[WhiteTeamCountry "GER"]
[BlackTeamCountry "GER"]

1. d4 d5 2. Nf3 Nf6 3. g3 g6 4. Bg2 Bg7 5. 0-0 0-0 6. Bf4 Nbd7 7. Qc1 Re8 8. c4 dxc4 9. Qxc4 c6 10. Nc3 Nb6 11. Qb3 Be6 12. Qc2 Nfd5 13. Nxd5 Nxd5 14. Bd2 Qb6 15. e3 Rac8 16. Rac1 Nb4 17. Bxb4 Qxb4 18. a3 Qd6 19. b4 Bf5 20. Qe2 a5 21. Qd2 axb4 22. Qxb4 Qxb4 23. axb4 Bd3 24. Rfe1 f6 25. Nd2 Bb5 26. Nb3 e5 27. d5 Bf8 28. dxc6 bxc6 29. Nc5 Kf7 30. Red1 Red8 31. Bf1 Bxc5 32. bxc5 Rxd1 33. Rxd1 Ke7 34. Ra1 Rc7 35. Ra8 f5 36. h4 Ke6 37. Rd8 Rd7 38. Rxd7 Kxd7 39. Bg2 e4 40. f3 Bd3 41. fxe4 Bxe4 42. Bf1 Ke6 43. Be2 Kd5 44. g4 Kxc5 45. h5 fxg4 46. hxg6 Bxg6 47. Bxg4 Kc4 48. Kf2 Kc3 49. Bf3 c5 50. Ke2 Bd3+ 51. Kd1 Kb2 52. Kd2 c4 53. Bd1 Bg6 0-1

[Event "Ruhrgebiet Bezirksliga 17/18"]
[Site "Ruhrgebiet"]
[Date "2018.04.08"]
[Round "9.6"]
[White "Knoepper, Werner"]
[Black "Krahn, Reinhard"]
[Result "0-1"]
[WhiteElo "1530"]
[BlackElo "1732"]
[PlyCount "78"]
[EventDate "2017.09.03"]
[EventType "team-tourn"]
[EventRounds "9"]
[EventCountry "GER"]
[SourceTitle "EXT 2022"]
[Source "ChessBase"]
[SourceDate "2021.10.06"]
[SourceVersion "1"]
[SourceVersionDate "2021.10.06"]
[SourceQuality "1"]
[WhiteTeam "Kamen SV IV"]
[BlackTeam "Werl Wickede SG"]
[WhiteTeamCountry "GER"]
[BlackTeamCountry "GER"]

1. c4 c5 2. Nc3 Nf6 3. g3 g6 4. Bg2 Nc6 5. Nf3 Bg7 6. 0-0 0-0 7. d4 cxd4 8. Nxd4 Qb6 9. Ndb5 a6 10. Na4 Qd8 11. Bxc6 bxc6 12. Nbc3 d5 13. cxd5 cxd5 14. Bg5 d4 15. Bxf6 Bxf6 16. Ne4 Bg7 17. Rc1 Bh3 18. Re1 Bh6 19. Rc4 e5 20. f3 Be3+ 21. Kh1 f5 22. Qb3 Kh8 23. Nec5 f4 24. g4 Qh4 25. Qd1 h5 26. Nd3 Qf6 27. Nac5 Rf7 28. Ne4 Qe7 29. Nef2 hxg4 30. Nxh3 gxh3 31. Rg1 Qe6 32. Rc5 Rf5 33. Rg4 Rh5 34. Qc2 Re8 35. b3 Qf5 36. Qc1 g5 37. Nb4 Rh4 38. Nd5 Rxg4 39. fxg4 Qe4# 0-1

[Event "Ruhrgebiet Bezirksliga 16/17"]
[Site "Ruhrgebiet"]
[Date "2017.04.23"]
[Round "11.4"]
[White "Boelling, Andreas"]
[Black "Krahn, Reinhard"]
[Result "1-0"]
[WhiteElo "1692"]
[BlackElo "1721"]
[PlyCount "102"]
[EventDate "2016.08.28"]
[EventType "team-tourn"]
[EventRounds "11"]
[EventCountry "GER"]
[SourceTitle "EXT 2022"]
[Source "ChessBase"]
[SourceDate "2021.10.06"]
[SourceVersion "1"]
[SourceVersionDate "2021.10.06"]
[SourceQuality "1"]
[WhiteTeam "Hamm SV II"]
[BlackTeam "Wickede SK"]
[WhiteTeamCountry "GER"]
[BlackTeamCountry "GER"]

1. e4 e6 2. d4 d5 3. exd5 exd5 4. Nf3 Nf6 5. Bg5 Be7 6. Bd3 h6 7. Bh4 Bg4 8. Nbd2 Nc6 9. c3 0-0 10. Qb3 Na5 11. Qc2 b6 12. b4 Nc6 13. 0-0 g5 14. Bg3 Bd6 15. Qa4 Bxg3 16. fxg3 Qd6 17. Rf2 a5 18. b5 Bxf3 19. Rxf3 Ne7 20. Raf1 Nd7 21. Bb1 Rae8 22. Qc2 Qg6 23. Qc1 Qg7 24. R1f2 c5 25. bxc6 Nxc6 26. Nf1 Ne7 27. Ne3 Rc8 28. Qc2 b5 29. Qb2 b4 30. cxb4 axb4 31. Qxb4 Nc6 32. Qd6 Nxd4 33. Qxd7 Rc1+ 34. Rf1 Nxf3+ 35. gxf3 Qd4 36. Qe7 Rfc8 37. Bf5 Rxf1+ 38. Kxf1 Rc1+ 39. Kg2 Re1 40. Qd8+ Kg7 41. Nxd5 Rd1 42. Be4 Rd2+ 43. Kh3 Qe5 44. Qd7 Rxa2 45. Ne3 Qe6+ 46. Nf5+ Kg6 47. Qd8 f6 48. g4 Rxh2+ 49. Kxh2 Qa2+ 50. Kh3 h5 51. Ng3+ Kh6 1-0

[Event "Ruhrgebiet Bezirksliga 16/17"]
[Site "Ruhrgebiet"]
[Date "2016.11.13"]
[Round "4.4"]
[White "Przybela, Josef Franz"]
[Black "Krahn, Reinhard"]
[Result "1/2-1/2"]
[WhiteElo "1668"]
[BlackElo "1721"]
[PlyCount "46"]
[EventDate "2016.08.28"]
[EventType "team-tourn"]
[EventRounds "11"]
[EventCountry "GER"]
[SourceTitle "EXT 2022"]
[Source "ChessBase"]
[SourceDate "2021.10.06"]
[SourceVersion "1"]
[SourceVersionDate "2021.10.06"]
[SourceQuality "1"]
[WhiteTeam "Hamm Koenigsspringer II"]
[BlackTeam "Wickede SK"]
[WhiteTeamCountry "GER"]
[BlackTeamCountry "GER"]

1. d4 d5 2. Nf3 Nf6 3. c4 dxc4 4. e3 e6 5. Bxc4 Be7 6. 0-0 0-0 7. Nc3 a6 8. Bd3 c5 9. Ne2 Nc6 10. a3 b5 11. dxc5 Bxc5 12. b4 Be7 13. Bb2 Bb7 14. Ng3 Qb6 15. Qb3 Rfd8 16. Rad1 Rac8 17. Bb1 Rxd1 18. Rxd1 Rd8 19. Rxd8+ Qxd8 20. Qd3 Qxd3 21. Bxd3 Nd7 22. Nd2 Nce5 23. Be2 Kf8 1/2-1/2

[Event "Ruhrgebiet Bezirksliga 16/17"]
[Site "Ruhrgebiet"]
[Date "2016.08.28"]
[Round "1.6"]
[White "Krahn, Reinhard"]
[Black "Jacobs, Armin"]
[Result "1/2-1/2"]
[WhiteElo "1721"]
[BlackElo "1540"]
[PlyCount "80"]
[EventDate "2016.08.28"]
[EventType "team-tourn"]
[EventRounds "11"]
[EventCountry "GER"]
[SourceTitle "EXT 2022"]
[Source "ChessBase"]
[SourceDate "2021.10.06"]
[SourceVersion "1"]
[SourceVersionDate "2021.10.06"]
[SourceQuality "1"]
[WhiteTeam "Wickede SK"]
[BlackTeam "Luenen Horstmar SC II"]
[WhiteTeamCountry "GER"]
[BlackTeamCountry "GER"]

1. e4 e5 2. Nf3 Nc6 3. Bb5 a6 4. Ba4 Bc5 5. c3 b5 6. Bc2 d6 7. h3 h6 8. b4 Bb6 9. a4 Be6 10. Na3 Bd7 11. axb5 axb5 12. Bb2 Nce7 13. Qe2 c6 14. 0-0 Ng6 15. d4 Nf6 16. dxe5 Nh5 17. Qd2 dxe5 18. c4 Ng3 19. Rfd1 Nf4 20. Kh2 Ngh5 21. Bxe5 Bc7 22. g4 f6 23. Bxc7 Qxc7 24. Qd6 Qxd6 25. Rxd6 Ke7 26. c5 Ra7 27. Rad1 Rd8 28. Nxb5 cxb5 29. c6 Bxg4 30. Rxd8 Bxf3 31. R1d7+ Rxd7 32. Rxd7+ Ke8 33. Rb7 Kd8 34. Rxb5 Kc7 35. Rc5 g6 36. b5 Ne6 37. Rc3 Be2 38. Bb3 Nhf4 39. Ba4 Kb6 40. Kg3 g5 1/2-1/2